མི༌དབང༌མངའ༌བདག༌རིན༌པོ༌ཆེའི༌ཞབས༌ལས༌རྒྱལ༌ཡོངས༌སེམས༌ཤུགས༌མ༌དངུལ༌གྱི༌སྐོར༌ལས༌གསུང༌བཤད༌གནང༌བ། (Record no. 8623)

MARC details
000 -LEADER
fixed length control field 00579nam a22001217a 4500
008 - FIXED-LENGTH DATA ELEMENTS--GENERAL INFORMATION
fixed length control field 210301b ||||| |||| 00| 0 eng d
020 ## - INTERNATIONAL STANDARD BOOK NUMBER
International Standard Book Number 9789993680734
082 ## - DEWEY DECIMAL CLASSIFICATION NUMBER
Classification number 808.5 HIS
245 ## - TITLE STATEMENT
Title མི༌དབང༌མངའ༌བདག༌རིན༌པོ༌ཆེའི༌ཞབས༌ལས༌རྒྱལ༌ཡོངས༌སེམས༌ཤུགས༌མ༌དངུལ༌གྱི༌སྐོར༌ལས༌གསུང༌བཤད༌གནང༌བ།
Remainder of title His majesty`s National Address on National Resilience Fund
260 ## - PUBLICATION, DISTRIBUTION, ETC.
Place of publication, distribution, etc. Thimphu :
300 ## - PHYSICAL DESCRIPTION
Extent 27 p.
Dimensions 21 cm.
942 ## - Added entry Elements (Koha)
Source of classification or shelving scheme Dewey Decimal Classification
Holdings
Withdrawn status Lost status Source of classification or shelving scheme Damaged status Not for loan Collection code Home library Current library Shelving location Date acquired Serial Enumeration / chronology Total Checkouts Full call number Barcode Date last seen Price effective from Koha item type
    Dewey Decimal Classification     RCSC Books RTC Library RTC Library RCSC Books 01/03/2021 14823   808.5 HIS 30014287 01/03/2021 01/03/2021 RCSC
Royal Thimphu College || All Right Reserved